书目信息 |
| 题名: |
马克思主义法律思想通史
|
|
| 作者: | 龚廷泰 , 程德文 主编 | |
| 分册: | 第四卷 | |
| 出版信息: | 南京 南京师范大学出版社 2014.11 |
|
| 页数: | 10, 476页 | |
| 开本: | 27cm | |
| 丛书名: | ||
| 单 册: | ||
| 中图分类: | D909.27 | |
| 科图分类: | ||
| 主题词: | 马克思主义--ma ke si zhu yi--法律--思想史--中国 | |
| 电子资源: | ||
| ISBN: | 978-7-5651-1945-3 | |
| 000 | 01021nam0 2200253 450 | |
| 001 | 2045445537 | |
| 005 | 20201106123735.96 | |
| 010 | @a978-7-5651-1945-3@b精装@dCNY130.00 | |
| 100 | @a20150602d2014 em y0chiy50 ea | |
| 101 | 0 | @achi |
| 102 | @aCN@b320000 | |
| 105 | @ay a 000yy | |
| 200 | 1 | @a马克思主义法律思想通史@Ama ke si zhu yi fa lu^ si xiang tong shi@h第四卷@f龚廷泰, 程德文主编 |
| 210 | @a南京@c南京师范大学出版社@d2014.11 | |
| 215 | @a10, 476页@d27cm | |
| 300 | @a国家出版基金项目 国家社科基金重点项目 国家“十二五”重点图书出版规划精品项目 | |
| 320 | @a有书目 | |
| 330 | @a本书共分为十四章, 主要内容包括: 导论 ; 卢卡奇的法律思想 (上) ; 卢卡奇的法律思想 (下) ; 柯尔施的法律思想 ; 葛兰西的法律思想 ; 弗洛伊德马克思主义的法律思想 ; 哈贝马斯的法律思想 (上) 等。 | |
| 606 | 0 | @a马克思主义@Ama ke si zhu yi@x法律@x思想史@y中国 |
| 690 | @aD909.27@v5 | |
| 701 | 0 | @a龚廷泰@Agong ting tai@4主编 |
| 701 | 0 | @a程德文@Acheng de wen@4主编 |
| 801 | 0 | @aCN@b人天书店@c20201025 |
| 905 | @aZUCC@dD909.27@eG390 | |
| 马克思主义法律思想通史.第四卷/龚廷泰, 程德文主编.-南京:南京师范大学出版社,2014.11 |
| 10, 476页;27cm |
| 国家出版基金项目 国家社科基金重点项目 国家“十二五”重点图书出版规划精品项目 |
| ISBN 978-7-5651-1945-3(精装):CNY130.00 |
| 本书共分为十四章, 主要内容包括: 导论 ; 卢卡奇的法律思想 (上) ; 卢卡奇的法律思想 (下) ; 柯尔施的法律思想 ; 葛兰西的法律思想 ; 弗洛伊德马克思主义的法律思想 ; 哈贝马斯的法律思想 (上) 等。 |
| ● |
| 相关链接 |
|
|
|
正题名:马克思主义法律思想通史
索取号:D909.27/G390
 
预约/预借
| 序号 | 登录号 | 条形码 | 馆藏地/架位号 | 状态 | 备注 |
| 1 | 1482063 | 214820639 | 社科库509/509社科库 80排7列1层/ [索取号:D909.27/G390] | 在馆 |